Új szívkatéteres laboratóriumot adtak át az SZTE-n képgaléria, videó

Elmentve itt :
Bibliográfiai részletek
További közreműködők: Frank Yvette
Dokumentumtípus: Cikk
Megjelent: 2025-03-25
Sorozat:Szegedinap.hu
Kulcsszavak:Szent-Györgyi Albert Klinikai Központ - SZAKK, Belgyógyászati Klinika, Kardiológiai Centrum, Fejlesztés - infrastrukturális, Beruházás - szívkatéteres műtő, Átadás, Rovó László-rektor, Szili-Török Tamás - centrumigazgató, Ruzsa Zoltán - részlegvezető egyetemi docens, Invazív Kardiológiai Részleg, Betegellátás - szív- és érrendszeri betegségek - szívkoszorúér-betegségek
Online Access:http://univ.bibl.u-szeged.hu/73794
LEADER 01247nab a2200181 i 4500
001 univ73794
005 20250326145409.0
008 250326s2025 hu o 000 hun d
040 |a SZTE UnivHistória Repozitórium  |b hun 
041 |a hun 
245 0 0 |a Új szívkatéteres laboratóriumot adtak át az SZTE-n   |h [elektronikus dokumentum] :  |b képgaléria, videó 
260 |c 2025-03-25 
490 0 |a Szegedinap.hu 
561 |a Egyetemi hirarchívum 
695 |a Szent-Györgyi Albert Klinikai Központ - SZAKK, Belgyógyászati Klinika, Kardiológiai Centrum, Fejlesztés - infrastrukturális, Beruházás - szívkatéteres műtő, Átadás, Rovó László-rektor, Szili-Török Tamás - centrumigazgató, Ruzsa Zoltán - részlegvezető egyetemi docens, Invazív Kardiológiai Részleg, Betegellátás - szív- és érrendszeri betegségek - szívkoszorúér-betegségek 
700 0 1 |a Frank Yvette 
856 4 0 |u http://univ.bibl.u-szeged.hu/73794/1/%C3%9Aj%20sz%C3%ADvkat%C3%A9teres%20laborat%C3%B3riumot%20adtak%20%C3%A1t%20az%20SZTE-n%20-%20k%C3%A9pgal%C3%A9ria%2C%20vide%C3%B3.pdf  |z Dokumentum-elérés  
856 4 0 |u http://univ.bibl.u-szeged.hu/73794/2/A%20Szegedi%20Tudom%C3%A1nyegyetem%20sz%C3%ADvkat%C3%A9teres%20m%C5%B1t%C5%91je.mp4  |z Dokumentum-elérés